000 00364cam a22001217a 4500
008 180718b2000 xxu||||| |||| 00| 0 eng d
082 _aI5372 G959
100 _aGupta, Rita
245 _aNational income calculation system
_cby Rita Gupta
260 _aNew Delhi
_bIndian Institute of Public Administration
_c2000
300 _av.p.
650 _aNational income-India
999 _c500121
_d500121